Vấn đề ruộng đất ở Việt Nam

Enregistré dans:
Détails bibliographiques
Auteur principal: Lâm Quang Huyên, GS. TS
Format: Livre
Publié: Khoa học xã hội 2002
Tags: Ajouter un tag
Pas de tags, Soyez le premier à ajouter un tag!
Thư viện lưu trữ: Mạng thư viện Đại học Đà Nẵng
LEADER 00576nam a2200229 a 4500
001 000029469
003 13839
005 20171030145630.0
008 171030s2002
020 |c 59000 
040 |a LTT 
082 0 |a 333.01  |b LÂ-H 
100 1 |a Lâm Quang Huyên, GS. TS 
245 0 0 |a Vấn đề ruộng đất ở Việt Nam  |c Lâm Quang Huyên. 
260 |b Khoa học xã hội  |c 2002 
OWN |a LTT 
999 |a From the UDN01 
TYP |a Monograph 
TYP |a Printed language 
980 |a Mạng thư viện Đại học Đà Nẵng